000
00336nam a22001457a 4500
008
250422b |||||||| |||| 00| 0 eng d
020
_a
0761971491
050
_a
HD2321
_b
.D53
100
_a
DICKEN, Peter
245
_a
Global Shift
250
_a
4th
260
_a
London
_b
Sage Publications
_c
2003
300
_a
xvii, 632p.
942
_c
BK
999
_c
3108
_d
3108